مكتبة جامعة عجلون الوطنية

فهرس بحث المكتبة

درجة استخدام استراتيجية تحليل السلوك والفاعلية الذاتية لدى معلمي غرف مصادر التعلم في محافظة اربد = The Degree of Using the Strategy of Behavior Analysis and Self-Efficacy Among Learning Resource Room Teachers in Irbid Governorate (Record no. 32256)

MARC details
000 -LEADER
fixed length control field 01287nam a2200241Ii 4500
003 - CONTROL NUMBER IDENTIFIER
control field JO-AjNU
005 - DATE AND TIME OF LATEST TRANSACTION
control field 20240624114526.0
008 - FIXED-LENGTH DATA ELEMENTS--GENERAL INFORMATION
fixed length control field 230605s9999||||xx |||||||||||||| ||und||
040 ## - CATALOGING SOURCE
Original cataloging agency JO-AjNU
Language of cataloging ara
Description conventions rda
Transcribing agency JO-AjNU
041 ## - LANGUAGE CODE
Language code of text/sound track or separate title ara
050 14 - LIBRARY OF CONGRESS CALL NUMBER
Classification number BF77.2022
100 #1 - MAIN ENTRY--PERSONAL NAME
Personal name الصمادي، نجاح حمود عبداللة
Relator term معد
9 (RLIN) 65540
245 10 - TITLE STATEMENT
Title درجة استخدام استراتيجية تحليل السلوك والفاعلية الذاتية لدى معلمي غرف مصادر التعلم في محافظة اربد = The Degree of Using the Strategy of Behavior Analysis and Self-Efficacy Among Learning Resource Room Teachers in Irbid Governorate
Statement of responsibility, etc. اعداد نجاح حمود عبداللة الصمادي ؛ إشراف محمد احمد شحادة العمري
260 ## - PUBLICATION, DISTRIBUTION, ETC.
Date of publication, distribution, etc. 2022
300 ## - PHYSICAL DESCRIPTION
Extent 111ورقة
336 ## - CONTENT TYPE
Content type term text
Content type code txt
Source rdacontent
337 ## - MEDIA TYPE
Media type term unmediated
Media type code n
Source rdamedia
338 ## - CARRIER TYPE
Carrier type term volume
Carrier type code nc
Source rdacarrier
500 ## - GENERAL NOTE
General note رسالة جامعية(اطروحة ماجستير) تخصص صعوبات التعلم/كلية العلوم التربوية، جامعة عجلون الوطنية، 2022
650 #4 - SUBJECT ADDED ENTRY--TOPICAL TERM
Topical term or geographic name entry element السلوك-جوانب نفسيه
9 (RLIN) 63268
700 #1 - ADDED ENTRY--PERSONAL NAME
Personal name العمري، محمد احمد شحادة
9 (RLIN) 65542
Relator term مشرف
942 ## - ADDED ENTRY ELEMENTS (KOHA)
Source of classification or shelving scheme Library of Congress Classification
Koha item type Thesis
Holdings
Withdrawn status Lost status Source of classification or shelving scheme Damaged status Not for loan Home library Current library Shelving location Date acquired Total Checkouts Full call number Barcode Date last seen Price effective from Koha item type
    Library of Congress Classification     مكتبة جامعة عجلون الوطنية مكتبة جامعة عجلون الوطنية المراجع 24/06/2024   BF77.2022 A28688 06/06/2023 24/06/2024 Thesis
    Library of Congress Classification     مكتبة جامعة عجلون الوطنية مكتبة جامعة عجلون الوطنية المراجع 24/06/2024   BF77.2022 a28689 24/06/2024 24/06/2024 Thesis